000 00629nmm a2200205Ia 4500
008 251105s9999||||xx |||||||||||||||||und||
020 _a9789580613824
041 _aspa
100 _aTorrijos, Vicente
245 0 _aFarc: ¿derrota militar y victoria política?
264 _a[Bogotá, Colombia] :
_bOveja Negra,
_c2017
300 _a177 páginas
650 _aPolitical Science (General)
700 _aTorrijos, Vicente
700 1 _a Ospina Ovalle, Carlos Alberto
700 1 _a González Ortiz, David Mauricio
700 1 _a Marks, Thomas
856 _uhttps://public.digitaliapublishing.com/a/55059
942 _cCF
999 _c72019
_d72019